000 00787cab a2200253 4500
001 WB3425-25
008 090401t1998 xxu||||| |||| 00| 0 eng d
035 _a(Sirsi) u87169
041 _aeng
245 _aNational waste strategy
260 _c1998
350 _a0
490 _aEnvironment Information Bulletin
_v(8) July 1998, 1(1)
520 _aSets out the seven key commitments for a national waste strategy for England and Wales included in the government consultation document "Less waste, more value".
650 _aCONSULTATION DOCUMENT
650 _aHOUSEHOLD WASTE
650 _aRECYCLING
650 _aTAXATION
650 _aWASTE DISPOSAL
650 _aWASTE STRATEGY
690 _aENVIRONMENTAL AND LAND CONSULTANCY
942 _n0
948 _c02/07/1998
999 _c54953
_d54953